000 00882nam a22002897a 4500
001 BR8704233
003 BR-BrBNA
005 20230928092656.0
007 ta
008 230509b bl.||||| |||| 00| 0 por d
040 _aBR-BrBNA
_bpor
_cBiblioteca Nacional de Agricultura
041 _a(Por)
072 _aE50
_b/G514
090 _ E50 BR8704233
100 1 _aCoelho, P.D.
110 1 _aSecretaria de Planejamento da Presidencia da Republica, Brasilia, DF (Brasil);
_99009
110 1 _aInstituto de Planejamento Economico e Social, Brasilia, DF (Brasil)
_96238
245 1 _aOcupacao da Amazonia: porque o Polamazonia
260 3 _aBrasilia, DF (Brasil):
_c1979.
300 _a30 p.
500 _a3 Maps scale 20x22cm
650 _aCOLONIZACAO
650 _aPROJETO DE DESENVOLVIMENTO
650 _aAMAZONIA
909 _a202309
_bLucia
_c55
_dLucia Elande
942 _cBK
999 _c40540
_d40540